Sex and the City Careers Quiz Stats

 Plays Quiz not verified by Sporcle

Challenge
Share
Tweet
Embed
Score 0/18 Timer 05:00
0 Plays Today
Character Name Profession % Correct
Carrie BradshawNewspaper columnist
99.6%
Harry GoldenblattDivorce lawyer
99.1%
Miranda HobbesLawyer
98.9%
Jack BergerAuthor
95.7%
Samantha JonesPublic relations coordinator
93.3%
Smith JerrodWaiter and aspiring actor
89.7%
Steve BradyBartender
84.6%
Aleksandr PetrovskyArtist
84%
MagdaHousekeeper
79.6%
Character Name Profession % Correct
Aidan ShawFurniture designer
76.8%
Trey MacDougalCardiologist
75.1%
Robert LeedsSports medicine doctor
75%
Anthony MarentinoEvent planner
59.7%
Charlotte YorkArt dealer
59.6%
Mr. BigBusinessman
28.3%
Stanford BlatchTalent agent
20.9%
Michiko KakutaniNew York Times literary critic
20.9%
Skipper JohnstonWeb designer
14.5%

You're not logged in!

Compare scores with friends on all Sporcle quizzes.
Join for Free
OR
Log In

You Might Also Like...

Show Comments

Extras

Top Quizzes Today


Score Distribution

Your Account Isn't Verified!

In order to create a playlist on Sporcle, you need to verify the email address you used during registration. Go to your Sporcle Settings to finish the process.

Report this User

Report this user for behavior that violates our Community Guidelines.

Details: